Iles états des Caraïbes - Statistiques

Statistiques générales
  • Ce quiz a été pris 114 fois
  • Le résultat moyen est 11 sur 13
Statistiques - réponses
Réponse % Correct
Haïti
94%
Saint-Lucie
93%
Dominique
92%
Jamaïque
92%
Cuba
89%
Barbade
87%
République dominicaine
86%
Saint-Vincent-et-les-Grenadines
86%
Saint-Christophe-et-Niévès
83%
Antigua-et-Barbuda
82%
Grenade
82%
Trinité-et-Tobago
80%
Bahamas
73%
Aucun quiz correspondant
Distribution des résultats
% des personnes avec chaque résultat
Percentile par nombre de réponses
Votre historique - résultats
Vous n’avez pas pris ce quiz